000 00820cam a2200193 i 4500
005 20260126122237.0
008 250721s2018 ua gr 000 0 ara d
020 _a9789776567931
082 1 4 _a346.07
_bق ص ي
100 1 _aقصير، أكرم فاضل سعيد
_eمؤلف.
245 1 2 _aالمعين في دراسة التأصيل القانوني لحق الإلتجاء الى الوساطة كحل بديل للنزاعات المدنية والتجارية /
_cالدكتور اكرم فاضل سعيد قصير.
250 _aالطبعة الاولى.
264 3 1 _aمصر :
_bالمركز العربي للنشر و التوزيع،
_c2018.
300 _a356 صفحة.
650 1 7 _aالقانون التجاري.
650 1 7 _aالوساطة.
942 _2ddc
_cBK
999 _c141013
_d141013